Measuring quality in the planning process (Record no. 117097)

MARC details
000 -LEADER
fixed length control field 01058cam a2200217 4500
001 - CONTROL NUMBER
control field WB4010-15
008 - FIXED-LENGTH DATA ELEMENTS--GENERAL INFORMATION
fixed length control field 040311n2004 000 0 eng u
035 ## - SYSTEM CONTROL NUMBER
System control number (Sirsi) u125404
245 ## - TITLE STATEMENT
Title Measuring quality in the planning process
260 ## - PUBLICATION, DISTRIBUTION, ETC.
Date of publication, distribution, etc. 2004
490 ## - SERIES STATEMENT
Series statement Economic and Social Research Council Press Release
Volume/sequential designation 9 March 2004, (1)
520 ## - SUMMARY, ETC.
Summary, etc. Research report entitled "Measuring quality: best value in planning and urban design" presents an examination of how quality in the planning process can be measured. Concludes that governments can be powerful forces for change, but that reducing quality to measurable factors can actually distort the real contribution of planning in producing sustainable development. http://www.info4local.gov.uk http://www.info4local.gov.uk/searchreport.asp?from page=search&id=19058.
590 ## - LOCAL NOTE (RLIN)
Local note WB
590 ## - LOCAL NOTE (RLIN)
Local note WB
650 ## - SUBJECT ADDED ENTRY--TOPICAL TERM
Topical term or geographic name entry element URBAN DESIGN
650 ## - SUBJECT ADDED ENTRY--TOPICAL TERM
Topical term or geographic name entry element MEASURE AND VALUE
650 ## - SUBJECT ADDED ENTRY--TOPICAL TERM
Topical term or geographic name entry element QUALITY BUILDINGS
650 ## - SUBJECT ADDED ENTRY--TOPICAL TERM
Topical term or geographic name entry element SUSTAINABLE DEVELOPMENT
690 ## - LOCAL SUBJECT ADDED ENTRY--TOPICAL TERM (OCLC, RLIN)
Topical term or geographic name as entry element PLANNING-PRACTICE
942 ## - ADDED ENTRY ELEMENTS (KOHA)
Suppress in OPAC 0
Holdings
Withdrawn status Lost status Source of classification or shelving scheme Damaged status Not for loan Home library Current library Shelving location Date acquired Total Checkouts Full call number Barcode Date last seen Copy number Price effective from Koha item type
    Dewey Decimal Classification     London London News article 11/03/2004   WB4010-15 125404-1001 06/08/2019 1 06/08/2019 News article